01529naa a22003017a 4500001001000000003000900010005001700019007000300036008003400039040005400073041000900127072003100136090001800167100001700185245012300202260004000325500025000365650001200615650001400627650001300641650001300654650002100667773032100688909003601009942001401045999001901059952014901078BR8805941BR-BrBNA20240918181742.0ta230509b bl.||||| |||| 00| 0 por d aBR-BrBNAbporcBiblioteca Nacional de Agricultura a(Pt) aH10; H20b5212b4050b4060 aH10 BR88059411 aBianchin, I.1 aInteracao entre Haemonchus placei e Trichostrongylus axei (Trichostrongylidae)em bezerros, no estado do Rio de Janeiro3 aCampo Grande, MS (Brasil): c1979.  aPimentel, D.M.; Souza, F.H.D. de; Soares, M.R.J.; Melo, H.J.H. de Coletanea dos seminarios tecnicos apresentados no Centro Nacional de Pesquisa de Gado de Corte durante o ano de 1978 Campo Grande, MS (Brasil): 1979. p. 137-162 (BR8805941-AM)H10  aBezerro aNematoide aHelminto aInfeccao aTricostrongilose0 tColetanea dos seminarios tecnicos apresentados no Centro Nacional de Pesquisa de Gado de Corte durante o ano de 1978aPimentel, D.M.; Souza, F.H.D. de; Soares, M.R.J.; Melo, H.J.H. de. Centro Nacional de Pesquisa de Gado de Corte, Campo Grande, MS (Brasil)wH10 BR8805941gCampo Grande, MS (Brasil), 1979. p. 137-162 a202404bLuciac55dLucia Elande cAM2AGRIS c326670d326670 002AGRIS40708Acervo Gerala41918b41918cAgrobasel0o5213 BR8805931r2024-05-20t01yAM10d2024-04-11ePortaria Interministerial nÂș 164/94